000 00656nam a2200253Ia 4500
001 43685
005 20240114003558.0
007 ta
008 090116s1988 g b000 u 465 u
020 _cHB
040 _aCottonCollege,Assam
041 _a465
082 _a540
_bRa 3 Ch
100 _aGanesh, K.N .
245 0 _aChemistry- Part- II /
_cK.N.Ganesh and Others.
_hTextual Documents
250 _aIst ed /
260 _aKartika :
_bnational Council of Educational Training- ,
_c1988.
300 _a503p ;
_c24cm.
653 _aChemistry
653 _aG-Chemistry
942 _2ddc
_cBK
999 _c43651
_d43651